000 00623nam a2200229Ia 4500
003 OSt
005 20220926044151.0
006 a|||||r|||| 00| 0
007 ta
008 220923b |||||||| |||| 00| 0 eng d
037 _cGeneral Book
040 _aRTL
_cRTL
_beng
041 _2eng
_aeng
082 _aV243,8.M, B3.1-B3.2
100 _aLawrence HML
_9348605
245 0 _aAdventures of an officer in the Punjab. 2 V
260 _c1883
300 _axi, 550p
_ccm.
650 _aHistory of Punjab
_9230383
942 _hV243,8.M, B3.1-B3.2
_cGB
_2CC
999 _c674128
_d674128